000 01107nam a2200313 i 4500
001 000022220
003 DO-SdBNP
005 20250306135428.0
007 ta
008 100920s1983 dr c 000 0 spa d
040 _aDO-SdBNP
_bspa
_cBNPHU
_erda
041 _aspa
082 4 _a927.96357
_bM333c
_222
100 1 _aCruz, Héctor J.
_945957
_eautor
_4aut.
245 1 0 _aJuan Marichal :
_bla historia de su vida /
_cHéctor J. Cruz.
264 _aSanto Domingo, República Dominicana :
_bEditora Alfa y Omega,
_c1983.
300 _a266 páginas :
_bilustraciones, retratos ;
_c21 cm.
336 _atexto
_btxt
_2rdacontent
337 _asin mediación
_bn
_2rdamedia
338 _avolumen
_bnc
_2rdacarrier
500 _aIncluye datos biográficos del autor en la solapa de la contracubierta
504 _aBibliografías : p. 270
590 _aInventariado, 2024/MFF
600 1 4 _aMarichal, Juan,
_d1937-
_945958
650 4 _aJugadores de beisbol
_937961
650 4 _aDeportistas
_zRepública Dominicana
_vBiografías
_964221
910 _aValidado. Control de calidad MFF
942 _2ddc
_cLBS1
999 _c21718
_d21718